<?xml version="1.0" encoding="UTF-8"?>
<record
    xmlns:xsi="http://www.w3.org/2001/XMLSchema-instance"
    xsi:schemaLocation="http://www.loc.gov/MARC21/slim http://www.loc.gov/standards/marcxml/schema/MARC21slim.xsd"
    xmlns="http://www.loc.gov/MARC21/slim">

  <leader>01137na  a2200301   4500</leader>
  <controlfield tag="001">16336</controlfield>
  <controlfield tag="003">MIRAKIL</controlfield>
  <controlfield tag="005">20181213154926.0</controlfield>
  <controlfield tag="008">161003b        tu            000 0      </controlfield>
  <datafield tag="035" ind1=" " ind2=" ">
    <subfield code="a">15502</subfield>
  </datafield>
  <datafield tag="040" ind1=" " ind2=" ">
    <subfield code="a">Milas</subfield>
    <subfield code="b">tur</subfield>
    <subfield code="c">TR-AnCHP</subfield>
  </datafield>
  <datafield tag="041" ind1=" " ind2=" ">
    <subfield code="a">tur</subfield>
    <subfield code="a">eng</subfield>
  </datafield>
  <datafield tag="082" ind1=" " ind2=" ">
    <subfield code="a">330.9561021</subfield>
    <subfield code="b">D67i 1999</subfield>
  </datafield>
  <datafield tag="090" ind1=" " ind2=" ">
    <subfield code="a">330.9561021 D67i 1999</subfield>
  </datafield>
  <datafield tag="110" ind1=" " ind2=" ">
    <subfield code="a">Devlet Planlama Te&#x15F;kilat&#x131; (DPT)</subfield>
  </datafield>
  <datafield tag="245" ind1=" " ind2=" ">
    <subfield code="a">&#x130;ller ve b&#xF6;lgeler itibariyle &#xE7;e&#x15F;itli g&#xF6;stergeler</subfield>
    <subfield code="b">= various indicators related to provinces and regions</subfield>
    <subfield code="c">Devlet Planlama Te&#x15F;kilat&#x131; (DPT)</subfield>
  </datafield>
  <datafield tag="246" ind1=" " ind2=" ">
    <subfield code="a">= various indicators related to provinces and regions</subfield>
  </datafield>
  <datafield tag="260" ind1=" " ind2=" ">
    <subfield code="a">Ankara</subfield>
    <subfield code="b">Devlet Planlama Te&#x15F;kilat&#x131; (DPT)</subfield>
    <subfield code="c">1999</subfield>
  </datafield>
  <datafield tag="300" ind1=" " ind2=" ">
    <subfield code="a">x, 159 s.</subfield>
    <subfield code="b">tbl.</subfield>
    <subfield code="c">29 sm.</subfield>
  </datafield>
  <datafield tag="500" ind1=" " ind2=" ">
    <subfield code="a">Kurumun yeni ad&#x131;: Kalk&#x131;nma Bakanl&#x131;&#x11F;&#x131;</subfield>
  </datafield>
  <datafield tag="546" ind1=" " ind2=" ">
    <subfield code="a">Metinler T&#xFC;rk&#xE7;e-&#x130;ngilizce kar&#x15F;&#x131;l&#x131;kl&#x131;d&#x131;r.</subfield>
  </datafield>
  <datafield tag="650" ind1=" " ind2=" ">
    <subfield code="a">Sosyo ekonomik g&#xF6;stergeler</subfield>
    <subfield code="x">&#x130;statistikler</subfield>
    <subfield code="z">T&#xFC;rkiye</subfield>
  </datafield>
  <datafield tag="651" ind1=" " ind2=" ">
    <subfield code="a">T&#xFC;rkiye</subfield>
    <subfield code="x">E&#x11F;itim</subfield>
    <subfield code="y">&#x130;statistikler</subfield>
  </datafield>
  <datafield tag="651" ind1=" " ind2=" ">
    <subfield code="a">T&#xFC;rkiye</subfield>
    <subfield code="x">N&#xFC;fus</subfield>
    <subfield code="y">&#x130;statistikler</subfield>
  </datafield>
  <datafield tag="651" ind1=" " ind2=" ">
    <subfield code="a">T&#xFC;rkiye</subfield>
    <subfield code="x">Ekonomi </subfield>
    <subfield code="y">&#x130;statistikler</subfield>
  </datafield>
  <datafield tag="651" ind1=" " ind2=" ">
    <subfield code="a">T&#xFC;rkiye</subfield>
    <subfield code="x">Sa&#x11F;l&#x131;k</subfield>
    <subfield code="y">&#x130;statistikler</subfield>
  </datafield>
  <datafield tag="942" ind1=" " ind2=" ">
    <subfield code="2">ddc</subfield>
    <subfield code="c">BKS</subfield>
  </datafield>
  <datafield tag="952" ind1=" " ind2=" ">
    <subfield code="a">0001</subfield>
    <subfield code="b">0001</subfield>
    <subfield code="d">2016-10-03</subfield>
    <subfield code="e">2</subfield>
    <subfield code="l">0</subfield>
    <subfield code="o">330.9561021 D67i 1999</subfield>
    <subfield code="p">005190</subfield>
    <subfield code="r">2016-10-03 00:00:00</subfield>
    <subfield code="v">0.00</subfield>
    <subfield code="w">2016-10-03</subfield>
    <subfield code="y">BKS</subfield>
  </datafield>
  <datafield tag="952" ind1=" " ind2=" ">
    <subfield code="a">0001</subfield>
    <subfield code="b">0001</subfield>
    <subfield code="d">2016-11-08</subfield>
    <subfield code="e">2</subfield>
    <subfield code="l">0</subfield>
    <subfield code="o">330.9561021 D67i 1999</subfield>
    <subfield code="p">008434</subfield>
    <subfield code="r">2016-11-08 00:00:00</subfield>
    <subfield code="t">k.2</subfield>
    <subfield code="v">0.00</subfield>
    <subfield code="w">2016-11-08</subfield>
    <subfield code="y">BKS</subfield>
  </datafield>
  <datafield tag="999" ind1=" " ind2=" ">
    <subfield code="c">3260</subfield>
    <subfield code="d">3260</subfield>
  </datafield>
</record>
